000
00300nam a2200133Ia 4500
008
191201s2013 xx 000 0 und d
100
_a
ROBBINS,Stephen P
245
0
_a
Management
250
_a
IMP-8Th
260
_c
2013
_b
pearson
_a
N. delhi
300
_a
544
650
_a
MBA
942
_2
ddc
_c
BB
_0
147
999
_c
7613
_d
7613